000 00477nam a2200193Ia 4500
005 20240913125458.0
008 240913s9999||||xx |||||||||||||| ||und||
020 _a0-7136-6733-8
041 _aENGLISH
082 _A623.8537 P6
100 _aObe,William Embleton
245 0 _aReed s Applied Heat For Engineers
250 _a4th
260 _c2006
_bAdlard Coles Nautical,L
_aLondon
500 _aREFERENCE
650 _aHeat
_bMarine
942 _cREF
999 _c245634
_d245634